| 000 | 00960nam0a22002651 4500 | ||
|---|---|---|---|
| 001 | rc\975021 | ||
| 005 | 20250622063329.0 | ||
| 035 | _a(NLR Aleph) 006143772 | ||
| 090 |
_a5689730 _c5689730 |
||
| 100 | _a20041129d1982 |||y0rusy50 ca | ||
| 101 | 0 | _arus | |
| 102 | _aRU | ||
| 105 | _aa ||||||||| | ||
| 200 | 1 |
_aОсновы обработки металлов давлением _eУчеб. пособие для студентов машиностроит. спец. |
|
| 210 |
_aМ. _cМАМИ _d1982 |
||
| 215 |
_a[1], 77 с. _cил. _d21 |
||
| 300 | _aВ надзаг.: Моск. автомех. ин-т | ||
| 700 | 1 |
_7ca _8rus _aНавроцкий _bГ. А. _f1908-1993 _gГеоргий Александрович _9265754 _3RU\NLR\AUTH\770265810 |
|
| 701 | 1 |
_aГоловин _bВ.А. _gВладимир Андреевич |
|
| 801 | 0 |
_aRU _bNLR _gpsbo |
|
| 801 | 1 |
_aRU _bELAR _2rusmarc |
|
| 852 |
_aNLR _j83-4/7868 |
||
| 942 | _cBOOK | ||
| 980 | _aNB | ||